Sin ser de noche todo se ve muy negro / (Registro nro. 6425)

Detalles MARC
000 -CABECERA
campo de control de longitud fija 00834nam a22002057a 4500
007 - PHYSICAL DESCRIPTION FIXED FIELD--GENERAL INFORMATION
fixed length control field ta
008 - CÓDIGOS DE INFORMACIÓN DE LONGITUD FIJA
fixed length control field 200203s2018 ck a||||r|||| 00| d spa d
040 ## - Fuente de catalogación
Agencia original de catalogación CO-JMCR
Agencia de transcripción CO-JMCR
082 ## - NÚMERO DE LA CLASIFICACIÓN DECIMAL DEWEY
Número de clasificación Decimal 158.1/
Número de documento (Cutter) M583s /
100 ## - PUNTO DE ACCESO PRINCIPAL-NOMBRE DE PERSONA
Nombre personal Mess, Ana,
Término de función/relación autora
9 (RLIN) 139
245 ## - TÍTULO PROPIAMENTE DICHO
Título Sin ser de noche todo se ve muy negro /
Mención de responsabilidad, etc. Ana Mess
260 ## - PUBLICACIÓN, DISTRIBUCIÓN, ETC. (PIE DE IMPRENTA)
Lugar de publicación, distribución, etc. [Bogotá]
Nombre del editor, distribuidor, etc. Ana Mess, editora
Fecha de publicación, distribución, etc. [2018]
300 ## - DESCRIPCIÓN FÍSICA
Extensión 84 páginas :
Otros detalles físicos ilustraciones a blanco y negro ;
Dimensiones 21 cm.
520 ## - RESUMEN, ETC.
Resumen,etc. La depresión a sido mi sombra desde que tengo memoria, pero no fue si no hasta los veintes que llegó el insomnio crónico, los ataques recurrentes de pánico, la imposibilidad de distinguir sabores, de ver en color, y el diagnostico.
546 ## - LANGUAGE NOTE
Language note spa
650 14 - TÉRMINO DE MATERIA
9 (RLIN) 140
650 14 - TÉRMINO DE MATERIA
9 (RLIN) 141
Existencias
Withdrawn status Lost status Source of classification or shelving scheme Damaged status Not for loan Home library Current library Shelving location Date acquired Source of acquisition Cost, normal purchase price Total Checkouts Full call number Barcode Date last seen Date last checked out Copy number Price effective from Koha item type
    Dewey Decimal Classification     Biblioteca Pública José María del Castillo y Rada Biblioteca Pública José María del Castillo y Rada Processing Center 12/19/2019 Donación 0.00 4 158.1/ M583s / 201809846 12/01/2025 12/01/2025 Ej.1 02/03/2020 Books